000
00301nam a22001217a 4500
008
230606b xxu||||| |||| 00| 0 eng d
020
_a
9789966530387
082
_a
342.026762
_b
LUM
245
_a
Swearing By Kenya
_c
PLO Lumumba
260
_a
Nairobi
_b
Law Africa
_c
2016
300
_a
407 p
942
_2
ddc
_c
BK
999
_c
541
_d
541